Schtroumpfs qui n'existent pas (Mort subite) - Statistiques

Statistiques générales
  • Ce quiz a été pris 157 fois
  • Le résultat moyen est 9 sur 10
Answers on the Grid
Answers color-coded by a green-red scale on the quiz's grid according to % correct below.
Le Grand Schtroumpf
Le Schtroumpf à lunettes
Le Schtroumpf paresseux
Le Schtroumpf costaud
Le Schtroumpf grognon
Le Schtroumpf bricoleur
Le Schtroumpf farceur
Le Schtroumpf maladroit
Le Schtroumpf gourmand
Le Schtroumpf coquet
Le Schtroumpf DJ
Le Schtroumpf drogué
Le Schtroumpf alcoolique
Le Schtroumpf raciste
Le Schtroumpf footballeur
Le Schtroumpf motard
Le Schtroumpf rappeur
Le Schtroumpf aveugle
Le Schtroumpf hypnotiseur
Le Schtroumpf coquin
 
Statistiques - réponses
Réponse % Correct
Le Schtroumpf raciste
98%
Le Schtroumpf alcoolique
96%
Le Schtroumpf drogué
95%
Le Schtroumpf footballeur
94%
Le Schtroumpf motard
93%
Le Schtroumpf rappeur
93%
Le Schtroumpf aveugle
92%
Le Schtroumpf hypnotiseur
91%
Le Schtroumpf DJ
90%
Le Schtroumpf coquin
78%
Aucun quiz correspondant
Distribution des résultats
% des personnes avec chaque résultat
Percentile par nombre de réponses
Votre historique - résultats
Vous n’avez pas pris ce quiz